000 00863cab a2200265 4500
001 ABS52251
008 090401t1995 xxu||||| |||| 00| 0 eng d
035 _a(Sirsi) u68266
041 _aeng
100 _aStovell, R.
245 _aHQ Buildings
260 _c1995
350 _a0
490 _aProperty Week
_v50(5) 2 February 1995, 38-58(9)
520 _aA feature on HQ buildings and the use of works of art and sculpture as PR tools. Examines the new Longman publisher`s HQ and concludes with a regional breakdown of office take-up.
650 _aHEADQUARTERS BUILDINGS
650 _aPROPERTY-COMMERCIAL PROPERTY-OFFICE PROPERTY-OFFICE PROPERTY MARKET
650 _aOFFICES
650 _aPUBLIC WORKS OF ART
650 _aSCULPTURE
650 _aWORKS OF ART
690 _aPROPERTY-COMMERCIAL PROPERTY
942 _n0
948 _c04/03/1997
999 _c42820
_d42820